| 000 | 00547nam a22001577a 4500 | ||
|---|---|---|---|
| 005 | 20120608143559.0 | ||
| 020 |
_a8173044112 _c00 |
||
| 035 | _aB-85612 | ||
| 037 |
_aDPL _bENG |
||
| 100 |
_aVerma, Ashok Kalyan _948734 |
||
| 245 |
_aKargil : Blood on the snow / _cby Ashok Kalyan Verma |
||
| 260 |
_aNew Delhi _bManohar _c2002 |
||
| 300 |
_a227p. _c20 cms. |
||
| 942 |
_2ddc _cEN _h355.02 _mVER |
||
| 999 |
_c67718 _d67718 |
||